000 00864nam a2200217Ia 4500
005 20241216011430.0
008 190429s9999||||xx |||||||||||||| ||und||
020 _aSZ
082 _a370.153
_bD66
100 _aDIAZ DIONICIO LUZ HAYME, CHIJCHIAPAZA CHAMORRO NANCY
245 0 _aLA ACTITUD TOLERANTE DEL DOCENTE Y SU INFLUENCIA EN EL DESARROLLO DE LA AUTOESTIMA EN LOS ESTUDIANTES DEL PRIMER GRADO DE LA INSTITUCION EDUCATIVA JOSE ANTONIO ENCINAS FRANCO - YANACANCHA
250 _a0
260 _aCERRO DE PASCO-PERU
_bUNDAC
_c2007
300 _a85 pag.
_c30 cm.
341 _h0
490 _v0
_a0
505 _aPLANTEAMIENTO DE LA INVESTIGACION/MARCO TEORICO/METODOLOGIA DE LA INVESTIGACION/PRESENTACION DE RESULTADOS/CONCLUSIONES/RECOMENDACIONES
541 _aD
_bDIAZ DIONICIO NANCY
_d26-Feb-09
_oSoles
650 _aEducación Primaria
942 _cTESIS
999 _c41703
_d41703